| 000 | 00638nam a2200205Ia 4500 | ||
|---|---|---|---|
| 003 | GCL | ||
| 008 | 140319s9999 xx 000 0 ara d | ||
| 020 | _a5347215977 | ||
| 040 |
_aGCL / _cGCL |
||
| 082 | 0 | 4 |
_a410.7 _bك د |
| 100 | 1 | _aكمال بشر | |
| 245 | 1 | 0 |
_aدراسات فى علم اللغة / _cكمال بشر |
| 250 | _aالاولى | ||
| 260 |
_aالقاهرة : _bدار غريب للطباعة والنشر والتوزيع ، _c1998 |
||
| 300 |
_a335 ص ؛ _c24 سم |
||
| 650 | 0 | 4 | _aاللغة العربية |
| 650 | 0 | 4 | _aعلم اللغة |
| 650 | 0 | 4 | _aاللغة العربية - دراسات |
| 942 |
_2ddc _cBK |
||
| 999 |
_c2826 _d2826 |
||